| 000 | 01485nam a22003737a 4500 | ||
|---|---|---|---|
| 003 | CHAP | ||
| 005 | 20220817044134.0 | ||
| 008 | 061128d2006 mx d r 00110 spa d | ||
| 010 | _a93085 | ||
| 011 | _a94057 | ||
| 035 | _a104641 | ||
| 040 | _cCHAP | ||
| 090 | _aTesis | ||
| 100 | 1 |
_aChanona Sandoval, Mainor Alexander _921863 |
|
| 245 | 1 | 0 |
_aVariación en la resistencia a parásitos gastrointestinales en ovinos Pelibuey, Blackbelly y cruza de Dorper x Pulibuey _c/por Mainor Alexander Chanona Sandoval |
| 260 |
_aPuyacatengo, Tab. : _bEl autor, _c2006 |
||
| 300 |
_a46 h. : _bgráfs. ; cuadros |
||
| 502 | _aTesis (Ing. Agr. Esp. en Zonas Tropicales) -- UACH. Dirección de Centros Regionales Universitarios. Centro Regional Universitario del Sureste | ||
| 590 |
_aALEPH _b10 _c20130110 _lUCH01 _h1515 |
||
| 590 |
_aBATCH-UPD _b10 _c20130110 _lUCH01 _h1159 |
||
| 590 |
_aBATCH-UPD _b10 _c20130410 _lUCH01 _h0741 |
||
| 590 |
_aBATCH-UPD _b10 _c20130914 _lUCH01 _h1514 |
||
| 590 |
_aCONVERSION _b10 _c20130109 _lUCH01 _h1351 |
||
| 650 | 1 | 4 |
_aGanado lanar _xParásitos. _945208 |
| 650 | 1 | 4 |
_aGanado lanar _xPeso. _945211 |
| 650 | 1 | 4 |
_aGanado lanar _xRazas. _945218 |
| 650 | 1 | 4 | _aGenética animal. |
| 650 | 1 | 4 |
_aNemátodos parásitos de ovinos. _980834 |
| 901 | _aBK | ||
| 905 | _aMarco A. Mendoza T. | ||
| 942 | _cFOLL | ||
| 949 |
_aTesis _bBC _cTES _d33724002008637 _eTS1 _gDonaciØn _h46110 _i104641 _sb |
||
| 949 |
_aTesis _bBC _cTES _d33724002008644 _eTS2 _fc.2 _gDonaciØn _h46111 _i104641 _sb |
||
| 999 |
_c93085 _d93085 |
||